L'évolution de la théorie de souveraineté en Francé
Elmentve itt :
| Szerző: | |
|---|---|
| Testületi szerző: | |
| Dokumentumtípus: | Könyv része |
| Megjelent: |
2014
|
| Sorozat: | Nemzetközi és regionális tanulmányok
9 Dialogues et diversités francophones 9 |
| Kulcsszavak: | Szuverenitás - elmélet - Franciaország |
| Tárgyszavak: | |
| Online Access: | http://acta.bibl.u-szeged.hu/64094 |
| LEADER | 00910naa a2200241 i 4500 | ||
|---|---|---|---|
| 001 | acta64094 | ||
| 005 | 20220110131233.0 | ||
| 008 | 200110s2014 hu o 0|| fre d | ||
| 020 | |a 978-963-306-273-9 | ||
| 022 | |a 2064-4639 | ||
| 040 | |a SZTE Egyetemi Kiadványok Repozitórium |b hun | ||
| 041 | |a fre | ||
| 100 | 1 | |a Kruzslicz Péter | |
| 245 | 1 | 0 | |a L'évolution de la théorie de souveraineté en Francé |h [elektronikus dokumentum] / |c Kruzslicz Péter |
| 260 | |c 2014 | ||
| 300 | |a 106-120 | ||
| 490 | 0 | |a Nemzetközi és regionális tanulmányok |v 9 | |
| 490 | 0 | |a Dialogues et diversités francophones |v 9 | |
| 650 | 4 | |a Társadalomtudományok | |
| 650 | 4 | |a Jogtudomány | |
| 695 | |a Szuverenitás - elmélet - Franciaország | ||
| 710 | |a Dialogues et diversités francophones (2013) (Szeged) | ||
| 856 | 4 | 0 | |u http://acta.bibl.u-szeged.hu/64094/1/nemzetkozi_es_regionalis_tanulmanyok_009_106-120.pdf |z Dokumentum-elérés |